QUICK & LIGHT (Record no. 231454)

MARC details
000 -LEADER
fixed length control field 00330pam a2200145 a 4500
020 ## - INTERNATIONAL STANDARD BOOK NUMBER
Terms of availability
041 ## - LANGUAGE CODE
Language code of original
082 ## - DEWEY DECIMAL CLASSIFICATION NUMBER
Classification number 641.5/638
100 ## - MAIN ENTRY--PERSONAL NAME
Personal name JENI WRIGHT
Relator term Author
245 ## - TITLE STATEMENT
Title QUICK & LIGHT
Statement of responsibility, etc. JENI WRIGHT
Medium Textual Documents
260 ## - PUBLICATION, DISTRIBUTION, ETC.
Name of publisher, distributor, etc. CASELL
300 ## - PHYSICAL DESCRIPTION
Extent 385
700 ## - ADDED ENTRY--PERSONAL NAME
Personal name LE CORDON BLEU CHEFS
Relator term Co-Author
930 ## - EQUIVALENCE OR CROSS-REFERENCE-UNIFORM TITLE HEADING [LOCAL, CANADA]
Uniform title 4057
Holdings
Withdrawn status Lost status Damaged status Not for loan Collection Home library Current library Date acquired Source of acquisition Cost, normal purchase price Total Checkouts Full call number Barcode Date last seen Copy number Price effective from Koha item type
          Institute of Hotel Management & Catering Technology, Pune Institute of Hotel Management & Catering Technology, Pune 15/06/2009 Bharati Madhyavarti Grahak Bhandar Ltd,Pune 1156.00   641.5/638 HMP-T-387 07/03/2023 1 07/03/2023 Book